Normal view
MARC view
Entry Geographic Name
001 - CONTROL NUMBER
- control field: 1004
003 - CONTROL NUMBER IDENTIFIER
- control field: ARRUPE
005 - DATE AND TIME OF LATEST TRANSACTION
- control field: 20130924142021.0
008 - FIXED-LENGTH DATA ELEMENTS
- fixed length control field: 130924|| aca||aabn | a|a d
040 ## - CATALOGING SOURCE
- Original cataloging agency: ARRUPE
- Transcribing agency: ARRUPE
151 ## - HEADING--GEOGRAPHIC NAME
- Geographic name: Earth (Planet)
- Form subdivision: Prayers and devotions.
670 ## - SOURCE DATA FOUND
- Source citation: Work cat.: (ARRUPE)0: Earth prayers :, c1991.